千葉!滋賀!!佐賀!!!のコール - Statistics

General Stats
  • This quiz has been taken 6 times
  • The average score is 37 of 115
Answer Stats
壇上 その次のセリフ % Correct
ニッポンのステキな都道府県東京 トウキョウ
83%
大阪 オオサカ
83%
キョナラ キョナラ
67%
福岡 フクオカ
50%
長野 ナガノ
50%
静岡 シズオカ
50%
セリフ続行 | 千葉 チバ
50%
セリフ続行 | 千葉 滋賀 千葉 シガ
50%
愛知 アイチ
50%
高知 コウチ
50%
愛媛 エヒメ
50%
埼玉 サイタマ
50%
和歌山 ワカヤマ
50%
群馬 グンマ
50%
鹿児島 カゴシマ
50%
北海道 ホッカイドウ
50%
茨城 イバラキ
50%
京都 奈良 キョウト ナラ
50%
群馬 埼玉 グンマ サイタマ
50%
グンタマ グンタマ
50%
オオグンタマ オオグンタマ
50%
オオグンタマのメス オオグンタマのメス
50%
オオグンタマの貴重な産卵シーン オオグンタマの貴重な産卵シーン
50%
千葉 茨城 チバ イバラキ
33%
チバラキ チバラキ
33%
愛媛 岐阜 エヒメ ギフ
33%
エヒフ エヒフ
33%
ヒョギフ ヒョギフ
33%
和歌山 広島 ワカヤマ ヒロシマ
33%
かやま ひろし カヤマ ヒロシ
33%
千葉 愛知 チバ アイチ
33%
ちば あい チバ アイ
33%
セリフ続行 サガ
33%
千葉 滋賀 佐賀 チバ シガ サガ
17%
若鶏のエヒフ ワカドリノエヒフ
17%
オオグンタマのエヒフ オオグンタマノエヒフ
17%
山梨 北海道 ヤマナシ ホッカイドウ
17%
ヤマイドウ ヤマイドウ
17%
全日本アマチュアヤマイドウ選手権大会 ゼンニホンアマチュアヤマイドウセンシュケンタイカイ
17%
兵庫 岐阜 ヒョウゴ ギフ
17%
ヒョギフ大統領 ヒョギフダイトウリョウ
17%
ヒョギフ大統領の貴重な産卵シーン ヒョギフダイトウリョウノキチョウナサンランシーン
17%
やまぐち しずお ヤマグチ シズオ
17%
セリフ続行 タノシカッタ
17%
セリフ続行 | 同時 ウンドウカイ
17%
セリフ続行 オモイデニノコッタ
17%
セリフ続行 | 同時 ブンカサイ
17%
セリフ続行 ミンナデイッタ
17%
セリフ続行 ミッカレンゾク
17%
セリフ続行 イツモココロニ
17%
セリフ続行 ニホンノシュトハ
17%
えー、次は 茨城 | 同時 | 茨城 イバーㇽㇽㇽァキィー
0%
青森 アオーモㇽㇽㇽィー
0%
奈良 ナーㇽㇽㇽァー
0%
鳥取 トットーリー
0%
広島 ヒㇽㇽォーシマー
0%
滋賀 チガッ
0%
岐阜 ギィフゥー
0%
以上、147名 代表、1組 かやま ひろし ハイ。
0%
No matching quizzes found
Score Distribution
Percent of People with Each Score
Percentile by Number Answered
Your Score History
You have not taken this quiz